Szczegóły MARC21

Historie nieznane Historii /

003 -Nazwa inst., której nr kontr. jest w polu 001 [,]
    • @
    • Nazwa instytucji, której n kontrolny jest w polu 001
    • NUKAT
005 -DATA I CZAS OSTATNIEJ MODYFIKACJI [,]
    • @
    • pole kontrolne
    • 20241231085636.0
020 -Międzynarod. znormalizowany nr książki - ISBN [ , ]
    • a
    • Numer ISBN
    • 9788301154905 Find
040 -Instytucja sporządzająca opis [ , ]
    • a
    • Instytucja, która sporządziła opis (NP)
    • WA U/78AM
    • c
    • Instytucja, która sporządziła rekord (NP)
    • WA U/AM
    • d
    • Instytucja, która zmodyfikowała rekord (P)
    • WA U/78AM
    • d
    • Instytucja, która zmodyfikowała rekord (P)
    • POZN U/MDs
942 -Rodzaj dokumentu [ , ]
    • c
    • Rodzaj dokumentu
    • Książka
100 -Hasło główne - nazwa osobowa [1, ]
    • a
    • Nazwa osobowa (NP)
    • Świderkówna, Anna
    • d
    • Daty biograficzne (NP)
    • (1925-2008).
    • 9
    • KHW
    • 9849
245 -Strefa tytułu i oznaczenia odpowiedzialności [1,0]
    • a
    • Tytuł
    • Historie nieznane Historii / Find
    • c
    • Pozostałe elementy strefy tytułu i oznaczenia odpowiedzialności (NP)
    • Anna Świderkówna.
250 -Strefa wydania [ , ]
    • a
    • Oznaczenie wydania (NP)
    • Wyd. 2.
260 -Strefa adresu wydawniczego [ , ]
    • a
    • Miejsce wydania (P)
    • Warszawa :
    • b
    • Nazwa wydawcy (P)
    • Wydawnictwo Naukowe PWN,
    • c
    • Data wydania (P)
    • 2008.
300 -Strefa opisu fizycznego [ , ]
    • a
    • Określenie formy książki i/lub objętość (NP)
    • 212, [4] s., [40] s. tabl. kolor. ;
    • c
    • Format (NP)
    • 21 cm.
336 -Typ zawartości [ , ]
    • a
    • Termin opisujący typ zawartości
    • Tekst
    • b
    • Kod określający zawartość
    • txt
    • 2
    • Źródło (terminu i kodu)
    • rdacontent
337 -Typ mediów [ , ]
    • a
    • Tryb odtwarzania
    • Bez urządzenia pośredniczącego
    • b
    • Kod typu mediów
    • n
    • 2
    • Źródło (terminu i kodu)
    • rdamedia
338 -Typ/rodzaj nośnika [ , ]
    • a
    • Hasło opisujące typ nośnika
    • Wolumin
    • b
    • Kod typu nośnika
    • nc
    • 2
    • Źródło (terminu i kodu)
    • rdacarrier
490 -Strefa serii i książki wielotomowej - forma nie do wyszukiwania [1, ]
    • a
    • Tytuł (P)
    • Dzieła wybrane / Anna Świderkówna Find
504 -Uwaga dot. bibliogr. załącznikowej [ , ]
    • a
    • Uwaga dot. bibliografii załącznikowej
    • Indeksy.
080 -Uniwersalna Klasyfikacja Dziesiętna [ , ]
    • 2
    • Identyfikator wydania tablic
    • UDC-P058
    • a
    • Symbol klasyfikacji
    • 003.5
    • b
    • Dopowiedzenie
    • Materiały i narzędzia pisarskie. Kamień. Wosk. Papirus. Pergamin. Papier. Atrament. Rylec. Pióra.
080 -Uniwersalna Klasyfikacja Dziesiętna [ , ]
    • 2
    • Identyfikator wydania tablic
    • UDC-P058
    • a
    • Symbol klasyfikacji
    • 94(32)
    • b
    • Dopowiedzenie
    • Historia starożytna. - Egipt starożytny (do ok. 640 r.n.e.).
651 -Hasło przedmiotowe w formie nazwy geograficznej [ ,7]
    • a
    • Nazwa geograficzna
    • Egipt
    • y
    • Określnik chronologiczny
    • 332 p.n.e.-640 (Okres grecko-rzymski).
    • 2
    • Źródło terminu
    • kaba
    • 9
    • KHW
    • 107343
980 -Symbol UKD [ , ]
    • a
    • UKD
    • 003.5:94(32)
710 -Hasło dodatkowe - nazwa ciała zbiorowego [2, ]
    • a
    • Nazwa ciała zbiorowego lub nazwa geograficzna jako pierwszy element (NP)
    • Wydawnictwo Naukowe PWN.
    • 4
    • Kod relacji
    • pbl
    • 9
    • KHW
    • 52648
800 -Hasło dodatkowe opisu książki wielotomowej - nazwa osobowa [1, ]
    • a
    • Nazwa osobowa (NP)
    • Świderkówna, Anna
    • d
    • Daty biograficzne (NP)
    • (1925-2008).
    • t
    • Tytuł ujednolicony/tytuł (NP)
    • Dzieła wybrane
    • 9
    • KHW
    • 10155
920 -ISBN [ , ]
    • a
    • ISBN
    • 978-83-01-15490-5 Find
Lokalizacja Data inwentaryzacji Status udost. Numer inwentarzowy
BG2008-11-131Z.111698
BNS2008-11-131H.18164